000 00273pab a2200109 454500
008 180718b xxu||||| |||| 00| 0 eng d
100 _aBalachander, K.K.
245 _aEducation: vital, yet neglected
650 _aEducation - India
773 _aUniversity News
909 _a23640
999 _c23640
_d23640